1314 1909 1546 1142 1904 1899 1482 1041 1505 1204 1203 1761 1363 1752 1448 1940 1872 1162 1999 1161 1051 1709 1582 1267 1614 1248 1001 1874 1006 1998 1904 1217 1785 1192 1684 1687 1413 1269 1146 1083 1007 1578 1340 1374 1077 1801 1309 1756 1398 1879 1302 1818 1962 1711 1624 1868 1124 1640 1898 1811 1386 1957 1630 1789 1661 1110 1232 1678 1015 1301 1182 1271 1615 1771 1926 1488 1192 1005 1158 1851 1461 1783 1890 1888 1850 1545 1357 1339 1728 1484 1691 1964 1418 1706 1764 1396 1517 1919 1639 BCNSPRNW ULIB Ver.6.0+V

เปลี่ยนเป็นภาษาไทย

Change to English
 แสดงรายละเอียดบรรณานุกรม
  กลับหน้าหลัก

Brief Record : Get Marc (ISO 2709) : E-mail record : QR code < ปิดหน้าต่าง
LEADER : 00000nam 2200000uu 4500
001    13399127008
003     ULIB
008    190929s2560||||th 000 0 tha d
020    ^a9786164411494
060 04 ^aWT120^bร343ส
100 0  ^aรัชนีวรรณ แก้วรังสี
245 10 ^aสุขภาพผู้สูงวัยดูแลอย่างไรให้ห่างไกลโรค /^cรัชนีวรรณ แก้วรังสี
250    ^aพิมพ์ครั้งที่ 1
260    ^aกรุงเทพฯ :^bFeel good Publishing,^c2560
300    ^a288 หน้า :^bภาพประกอบ ;^c19 ซม.
650  4 ^aผู้สูงอายุ^xการดูแล
650  4 ^aผู้สูงอายุ^xสุขภาพและอนามัย
945    ^p199^l0^i27830
945    ^p199^l0^i27826
945    ^p199^l0^i27828
945    ^p199^l0^i27827
945    ^p199^l0^i27829
999    ^aกัณชพร จุลอักษร
รายการนี้ยังไม่มีแท็ก
คุณยังไม่ได้ล็อกอิน คุณสามารถมีกิจกรรมร่วมกับเว็บไซต์ได้ แต่ต้องล็อกอินก่อน ::
  ล็อกอิน

รายการสื่อสารสนเทศ

ลำดับที่ ประเภท เลขเรียก/บาร์โค้ด สถานที่ สถานะ
1. หนังสือสำรอง
หนังสือสำรอง
WT120 ร343ส ฉ.1 
  Barcode: 27826
ห้องสมุดวิทยาเขตนครสวรรค์
►หนังสือทั่วไป:l:General Books
บนชั้น
2. วิทยาศาสตร์การแพทย์ และสุขภาพ
วิทยาศาสตร์การแพทย์ และสุขภาพ
WT120 ร343ส ฉ.2 
  Barcode: 27827
ห้องสมุดวิทยาเขตนครสวรรค์
►หนังสือทั่วไป:l:General Books
บนชั้น
3. วิทยาศาสตร์การแพทย์ และสุขภาพ
วิทยาศาสตร์การแพทย์ และสุขภาพ
WT120 ร343ส ฉ.3 
  Barcode: 27828
ห้องสมุดวิทยาเขตนครสวรรค์
►หนังสือทั่วไป:l:General Books
บนชั้น
4. วิทยาศาสตร์การแพทย์ และสุขภาพ
วิทยาศาสตร์การแพทย์ และสุขภาพ
WT120 ร343ส ฉ.4 
  Barcode: 27829
ห้องสมุดวิทยาเขตนครสวรรค์
►หนังสือทั่วไป:l:General Books
บนชั้น
5. วิทยาศาสตร์การแพทย์ และสุขภาพ
วิทยาศาสตร์การแพทย์ และสุขภาพ
WT120 ร343ส ฉ.5 
  Barcode: 27830
ห้องสมุดวิทยาเขตนครสวรรค์
►หนังสือทั่วไป:l:General Books
บนชั้น

รายการใกล้เคียง
    ผู้แต่ง [รัชนีวรรณ แก้วรังสี]

    หัวเรื่อง [ผู้สูงอายุ การดูแล]

BibComment


ยังไม่เคยถูกคอมเมนท์

คอมเมนท์ทรัพยากรรายการนี้
  คอมเมนท์: สุขภาพผู้สูงวัยด..


 Copyright 2026. Bcnsprnw @Library